Top 10 U.S. States by Industry Funding of University Research - Statistics

General Stats
  • This quiz has been taken 43 times
  • The average score is 6 of 10
Answer Stats
No. Sharing State % Correct
7 7.5% New York
97%
8 7.4% Massachusetts
85%
1 12.1% North Carolina
69%
4 8.7% Ohio
69%
2 10.6% Georgia
67%
10 6.6% South Carolina
54%
9 7.3% Utah
51%
3 9.5% Kansas
44%
6 7.6% Oklahoma
44%
5 8.6% Missouri
28%
No matching quizzes found
Score Distribution
Percent of People with Each Score
Percentile by Number Answered
Your Score History
You have not taken this quiz